Riziko v poistení - teoretické východiská

Vymedzenie pojmu riziko v poistení. Vzťah pojmov riziko a neistota. Klasifikácia rizík. Vývoj rizík v čase. Riziká v predindustriálnej, klasickej a industriálnej rizikovej spoločnosti.

Gespeichert in:
Bibliographische Detailangaben
1. Verfasser: Pastoráková, Erika, 1972-
Weitere Verfasser: Brokešová, Zuzana, 1985-
Format: Buchkapitel
Sprache:Slowakisch
Schlagworte:
Tags: Tag hinzufügen
Keine Tags, Fügen Sie das erste Tag hinzu!

MARC

LEADER 00000nla a2200000 4500
001 0183301
005 20240502073132.7
041 0 |a slo 
044 |a SK 
245 1 0 |a Riziko v poistení - teoretické východiská  |c Erika Pastoráková, Zuzana Brokešová 
520 |a Vymedzenie pojmu riziko v poistení. Vzťah pojmov riziko a neistota. Klasifikácia rizík. Vývoj rizík v čase. Riziká v predindustriálnej, klasickej a industriálnej rizikovej spoločnosti. 
610 2 0 |a poisťovne 
610 2 0 |a poistenie 
610 2 0 |a škody 
610 2 0 |a riziko 
100 1 |a Pastoráková, Erika, 1972- 
700 1 |a Brokešová, Zuzana, 1985-